00765nam a22002177a 450000500170000001000140001702000270003103500130005803700130007108200130008410000200009724501100011726000400022727000450026730000220031250000190033470000220035394200270037599900170040295201280041920100730142759.0 aENG-97392 a9788184840339c1880.00 aEN-80925 bDBAD/PUB a344.5401 aJain, J N92687 aModern industrial relations and labour laws :bprinciples and techniques /cby J N Jain [and] Ajay Bhola aNew DelhibRegal Publicationsc2009 aF-159, Rajouri GardenbNew Delhie110027 ax,425pc24cm.(Hb) aincludes index aBhola, Ajay92684 2ddccENh344.5401mJAI c38266d38266 001040718NFICaDBADbDBADd2010-07-30eDBAD/PUBg1880.00l0o344.5401 JAIpEN-80925r2010-07-30 00:00:00t1v1880.00yEN